Probability Concepts in Engineering : (Record no. 16137)
[ view plain ]
| 000 -LEADER | |
|---|---|
| fixed length control field | 01418cam a2200325 a 4500 |
| 001 - CONTROL NUMBER | |
| control field | 14648888 |
| 005 - DATE AND TIME OF LATEST TRANSACTION | |
| control field | 20121004101122.0 |
| 008 - FIXED-LENGTH DATA ELEMENTS--GENERAL INFORMATION | |
| fixed length control field | 061128s2007 nyua b 001 0 eng |
| 010 ## - LIBRARY OF CONGRESS CONTROL NUMBER | |
| LC control number | 2006286423 |
| 020 ## - INTERNATIONAL STANDARD BOOK NUMBER | |
| International Standard Book Number | 047172064X (alk. paper) |
| 020 ## - INTERNATIONAL STANDARD BOOK NUMBER | |
| International Standard Book Number | 9780471720645 (alk. paper) |
| 040 ## - CATALOGING SOURCE | |
| Original cataloging agency | DLC |
| Transcribing agency | DLC |
| Modifying agency | DLC |
| 050 00 - LIBRARY OF CONGRESS CALL NUMBER | |
| Classification number | TA340 |
| Item number | .A5 2007 |
| 082 00 - DEWEY DECIMAL CLASSIFICATION NUMBER | |
| Classification number | 620.0015192 |
| Edition number | 22 |
| Item number | ANG |
| 100 1# - MAIN ENTRY--PERSONAL NAME | |
| Personal name | Ang, Alfredo Hua-Sing, |
| Dates associated with a name | 1930- |
| 9 (RLIN) | 27509 |
| 245 10 - TITLE STATEMENT | |
| Title | Probability Concepts in Engineering : |
| Remainder of title | Emphasis on Applications in Civil & Environmental Engineering / |
| Statement of responsibility, etc | Alfredo H-S. Ang, Wilson H. Tang. |
| 250 ## - EDITION STATEMENT | |
| Edition statement | 2nd ed. |
| 260 ## - PUBLICATION, DISTRIBUTION, ETC. (IMPRINT) | |
| Place of publication, distribution, etc | New York : |
| Name of publisher, distributor, etc | Wiley, 2007 |
| Date of publication, distribution, etc | c2007. |
| 300 ## - PHYSICAL DESCRIPTION | |
| Extent | xiii, 406 p. : |
| Other physical details | ill. ; |
| Dimensions | 26 cm. |
| 500 ## - GENERAL NOTE | |
| General note | Rev. ed. of: Probability concepts in engineering planning and design. 1975-c1984. |
| 650 #0 - SUBJECT ADDED ENTRY--TOPICAL TERM | |
| Topical term or geographic name as entry element | Engineering |
| General subdivision | Statistical methods. |
| 9 (RLIN) | 27510 |
| 650 #0 - SUBJECT ADDED ENTRY--TOPICAL TERM | |
| Topical term or geographic name as entry element | Probabilities. |
| 9 (RLIN) | 27511 |
| 653 ## - INDEX TERM--UNCONTROLLED | |
| Resource For college | |
| Arrived date list | October2011 |
| -- | October2012 |
| 700 1# - ADDED ENTRY--PERSONAL NAME | |
| Personal name | Tang, Wilson H. |
| 9 (RLIN) | 27512 |
| 700 1# - ADDED ENTRY--PERSONAL NAME | |
| Personal name | Ang, Alfredo Hua-Sing, |
| Dates associated with a name | 1930- |
| Title of a work | Probability concepts in engineering planning and design. |
| 9 (RLIN) | 27513 |
| 856 42 - ELECTRONIC LOCATION AND ACCESS | |
| Materials specified | Publisher description |
| Uniform Resource Identifier | <a href="http://www.loc.gov/catdir/enhancements/fy0643/2006286423-d.html">http://www.loc.gov/catdir/enhancements/fy0643/2006286423-d.html</a> |
| 856 41 - ELECTRONIC LOCATION AND ACCESS | |
| Materials specified | Table of contents only |
| Uniform Resource Identifier | <a href="http://www.loc.gov/catdir/enhancements/fy0643/2006286423-t.html">http://www.loc.gov/catdir/enhancements/fy0643/2006286423-t.html</a> |
| 942 ## - ADDED ENTRY ELEMENTS (KOHA) | |
| Source of classification or shelving scheme | Dewey Decimal Classification |
| Item type | NB - Book (Non borrowing) |
| Withdrawn status | Item status | Source of classification or shelving scheme | Damaged status | Not for loan | Vendor | Home library | Current library | Shelving location | Date acquired | Source of acquisition | Total Checkouts | Full call number | Barcode | Date last seen | Koha item type | Cost, normal purchase price | Serial Enumeration / chronology |
|---|---|---|---|---|---|---|---|---|---|---|---|---|---|---|---|---|---|
| Dewey Decimal Classification | Baccah | Central Library | Central Library | First floor | 11/10/2011 | 620.0015192 ANG | 000025361 | 15/07/2025 | NB - Book (Non borrowing) | ||||||||
| Dewey Decimal Classification | Baccah | Central Library | Central Library | First floor | 11/10/2011 | 620.0015192 ANG | 000025362 | 15/07/2025 | Book - Borrowing | ||||||||
| Dewey Decimal Classification | Baccah | Central Library | Central Library | First floor | 11/10/2011 | 620.0015192 ANG | 000025363 | 15/07/2025 | Book - Borrowing | ||||||||
| Dewey Decimal Classification | Baccah | Central Library | Central Library | First floor | 11/10/2011 | 620.0015192 ANG | 000025364 | 15/07/2025 | Book - Borrowing | ||||||||
| Dewey Decimal Classification | Baccah | Central Library | Central Library | First floor | 10/10/2012 | 620.0015192 ANG | 000027598 | 15/07/2025 | Book - Borrowing | 220.00 | 3 | ||||||
| Dewey Decimal Classification | Baccah | Central Library | Central Library | First floor | 10/10/2012 | 620.0015192 ANG | 000027597 | 15/07/2025 | Book - Borrowing | 220.00 | 3 |